000 00406pab a2200145 454500
008 180718b1990 xxu||||| |||| 00| 0 eng d
100 _aMughan, Anthony
245 _aMidterm popularity and governing party dissension in the Hosue of commons, 1959-79
260 _c1990
300 _a341-56
362 _aAug.
650 _aLegislators - U.K.
773 _aLegislative Studies Quarterly
909 _a12900
999 _c12900
_d12900